00406nam a2200121Ia 4500008004100000082000900041100004500050245003300095260008200128300000800210630003300218730003300251100204s9999 xx 000 0 und d b2523 aमाडगूळकर ग. दि. aभाताचे फूल b"कुलकर्णी गं्रथागार , पुणे"c1979 a146 aभाताचे फूल aभाताचे फूल